[Event "Yuzhny op"]
[Site "Yuzhny"]
[Date "2011.09.05"]
[Round "5"]
[White "Lomakin, Viktor"]
[Black "Olenichev, Dmitriy"]
[Result "0-1"]
[WhiteElo "2112"]
[BlackElo "2271"]
[PlyCount "142"]
[EventDate "2011.09.03"]
[EventType "swiss"]
[EventRounds "9"]
[EventCountry "UKR"]
[SourceTitle "CBM 144 Extra"]
[Source "ChessBase"]
[SourceDate "2011.10.28"]
[SourceVersion "1"]
[SourceVersionDate "2011.10.28"]
[SourceQuality "1"]

1. d4 Nf6 2. c4 e6 3. Nf3 b6 4. e3 Bb7 5. Bd3 c5 6. Nc3 d5 7. cxd5 exd5 8. 0-0 Be7 9. b3 0-0 10. Bb2 Nc6 11. Rc1 cxd4 12. exd4 Re8 13. Re1 Bd6 14. Rxe8+ Qxe8 15. Qf1 Bf4 16. Re1 Qf8 17. Ba6 Bxa6 18. Qxa6 Re8 19. Rxe8 Qxe8 20. Kf1 g6 21. Qb5 Qe6 22. Ne2 Bh6 23. Nc3 Bf8 24. Qe2 Qf5 25. a3 Na5 26. Qd1 Ne4 27. Ne2 Bd6 28. h3 Qd7 29. Qd3 Qe7 30. b4 Nc4 31. Bc1 Qd7 32. Qc2 Qc6 33. Kg1 a5 34. bxa5 bxa5 35. a4 Bb4 36. Nf4 Nc3 37. Ne5 Nxe5 38. dxe5 d4 39. Qd3 Nxa4 40. Qd1 Qc4 41. Nd3 Nc3 42. Qf3 Bf8 43. Kh2 a4 44. Qa8 Qd5 45. Qc8 Qe6 46. Qa8 Qe7 47. g3 a3 48. h4 h6 49. Bxh6 a2 50. Bc1 Kg7 51. Bb2 Qe6 52. Qf3 Ba3 53. Ba1 Be7 54. Qb7 Bd8 55. Qb8 Qb6 56. Qa8 Qa5 57. Qc6 Qb5 58. Qa8 Bxh4 59. Qf3 Be7 60. e6 fxe6 61. Nf4 Qf5 62. Qb7 Kf7 63. Bb2 g5 64. Nh3 Ne2 65. Nxg5+ Qxg5 66. Qf3+ Nf4 67. gxf4 Qd5 68. Qd3 Bf6 69. Qh7+ Bg7 70. Qd3 Qh5+ 71. Kg2 Qg6+ 0-1

[Event "Yuzhny op"]
[Site "Yuzhny"]
[Date "2011.09.04"]
[Round "2"]
[White "Ivasenko, Andrey"]
[Black "Lomakin, Viktor"]
[Result "0-1"]
[WhiteElo "1820"]
[BlackElo "2112"]
[PlyCount "126"]
[EventDate "2011.09.03"]
[EventType "swiss"]
[EventRounds "9"]
[EventCountry "UKR"]
[SourceTitle "CBM 144 Extra"]
[Source "ChessBase"]
[SourceDate "2011.10.28"]
[SourceVersion "1"]
[SourceVersionDate "2011.10.28"]
[SourceQuality "1"]

1. e4 c5 2. g3 b6 3. Bg2 Bb7 4. Nc3 e6 5. Nge2 a6 6. 0-0 Nc6 7. f4 d6 8. d3 Be7 9. h3 Nf6 10. Kh2 0-0 11. d4 cxd4 12. Nxd4 Qc7 13. Be3 Na5 14. Qe2 Nc4 15. Bc1 Nd7 16. b3 Na5 17. Bb2 Bf6 18. Rad1 Rac8 19. Rd2 Rfe8 20. Rf2 Qb8 21. Nd1 b5 22. c3 Qc7 23. Ne3 g6 24. h4 Bg7 25. h5 Nf6 26. hxg6 hxg6 27. Ng4 Nxg4+ 28. Qxg4 e5 29. Ne2 exf4 30. Qxf4 Re5 31. c4 Rh5+ 32. Kg1 Bxb2 33. Rxb2 bxc4 34. Rc2 Qe7 35. bxc4 Rxc4 36. Rxc4 Nxc4 37. Nd4 Re5 38. Re2 Kg7 39. Kf2 Ba8 40. Qc1 Rc5 41. Qf4 Ne5 42. Kg1 Rc4 43. Nf3 Nd3 44. Qd2 Rxe4 45. Rxe4 Bxe4 46. Qc3+ Qf6 47. Qxf6+ Kxf6 48. Kf1 Bxf3 49. Bxf3 Ke5 50. a3 Kd4 51. Ke2 a5 52. a4 f5 53. Bc6 Nc5 54. Kf2 g5 55. Bb5 d5 56. Bc6 Ke5 57. Ke3 d4+ 58. Kf3 g4+ 59. Ke2 f4 60. gxf4+ Kxf4 61. Kf2 d3 62. Bb5 g3+ 63. Kf1 Ke3 0-1

[Event "Geller Memorial op-A 7th"]
[Site "Odessa"]
[Date "2011.08.26"]
[Round "7"]
[White "Lomakin, Viktor"]
[Black "Kutsykh, Mikle"]
[Result "0-1"]
[WhiteElo "2104"]
[BlackElo "2323"]
[PlyCount "160"]
[EventDate "2011.08.20"]
[EventType "swiss"]
[EventRounds "9"]
[EventCountry "UKR"]
[SourceTitle "EXT 2014"]
[Source "ChessBase"]
[SourceDate "2013.11.20"]
[SourceVersion "1"]
[SourceVersionDate "2013.11.20"]
[SourceQuality "1"]

1. d4 d5 2. c4 e5 3. dxe5 d4 4. Nf3 Nc6 5. g3 Bg4 6. Bg2 Qd7 7. Qb3 0-0-0 8. 0-0 a6 9. Bg5 Nge7 10. Rd1 h6 11. Bxe7 Bxe7 12. Nc3 Na5 13. Qc2 Bf5 14. Qc1 Bc5 15. b3 Nc6 16. Nd5 Rhe8 17. a3 Nxe5 18. b4 Ba7 19. Nxe5 Rxe5 20. Ne3 Bh3 21. c5 Bxg2 22. Nxg2 Rxe2 23. Nf4 Re7 24. Ra2 g5 25. Nd3 Qd5 26. Rad2 h5 27. Ne1 h4 28. Rd3 hxg3 29. Rxg3 f6 30. Qd2 c6 31. Rd3 Bb8 32. Nf3 Be5 33. Nxd4 Red7 34. Qe2 Qc4 35. Qg4 Rh8 36. Qf5 Bxh2+ 37. Kg2 Qd5+ 38. Qxd5 Rxd5 39. Rh1 Rhd8 40. Rxh2 Rxd4 41. Rf3 Rf8 42. Re3 Rd7 43. Rh6 Rdf7 44. Rd3 Kc7 45. Kf3 f5 46. Rg6 g4+ 47. Kg3 Rh8 48. Kg2 Re8 49. Rg5 Re5 50. Rh5 Re4 51. Rg5 Re5 52. Rh5 a5 53. Rg5 a4 54. Rh5 Rf8 55. Rg5 Kb8 56. Rh5 Ka7 57. Rh1 Ka6 58. Rc1 Kb5 59. Kg3 Re4 60. Rc2 Rh8 61. Kg2 Rf8 62. Kg3 Rc4 63. Rcd2 Rh8 64. Kg2 Re4 65. Rc2 f4 66. f3 Rc4 67. Rdc3 gxf3+ 68. Kg1 Rg8+ 69. Kf1 Rxc3 70. Rxc3 Rg3 71. Kf2 Rh3 72. Kf1 Rg3 73. Kf2 Rg2+ 74. Kf1 Re2 75. Rxf3 Re3 76. Rxf4 Rxa3 77. Rf7 Ka6 78. Ke2 Rb3 79. Rf4 a3 80. Kd2 a2 0-1

[Event "Geller Memorial op-A 7th"]
[Site "Odessa"]
[Date "2011.08.25"]
[Round "6"]
[White "Andrenko, Irina"]
[Black "Lomakin, Viktor"]
[Result "0-1"]
[WhiteElo "2272"]
[BlackElo "2104"]
[PlyCount "92"]
[EventDate "2011.08.20"]
[EventType "swiss"]
[EventRounds "9"]
[EventCountry "UKR"]
[SourceTitle "EXT 2014"]
[Source "ChessBase"]
[SourceDate "2013.11.20"]
[SourceVersion "1"]
[SourceVersionDate "2013.11.20"]
[SourceQuality "1"]

1. e4 c5 2. Nf3 e6 3. d4 cxd4 4. Nxd4 a6 5. Nc3 Qc7 6. g3 Bb4 7. Nde2 Nf6 8. Bg2 Be7 9. 0-0 d6 10. h3 Nc6 11. a4 0-0 12. f4 Re8 13. Be3 Rb8 14. g4 Bf8 15. g5 Nd7 16. h4 Na5 17. b3 b6 18. Qe1 Nc6 19. Qg3 b5 20. axb5 axb5 21. h5 b4 22. Nd1 Bb7 23. g6 fxg6 24. hxg6 hxg6 25. Qxg6 Nf6 26. Nf2 Qf7 27. Qg3 Ra8 28. Rac1 Ne7 29. Nd4 Ra5 30. Bd2 Ba6 31. Nd3 d5 32. Bxb4 Nxe4 33. Qh3 Ra2 34. Nxe6 Qf6 35. Nc7 Bc8 36. Qh5 Rd8 37. Qe5 Qb6+ 38. Kh2 Qh6+ 39. Kg1 Nc6 40. Qxd5+ Rxd5 41. Nxd5 Nxb4 42. N5xb4 Bxb4 43. Bxe4 Bd2 44. Ra1 Be3+ 45. Nf2 Bxf2+ 46. Kxf2 Qxf4+ 0-1

[Event "Geller Memorial op-A 7th"]
[Site "Odessa"]
[Date "2011.08.22"]
[Round "3"]
[White "Lomakin, Viktor"]
[Black "Tisevich, Roman"]
[Result "1/2-1/2"]
[WhiteElo "2104"]
[BlackElo "2354"]
[PlyCount "136"]
[EventDate "2011.08.20"]
[EventType "swiss"]
[EventRounds "9"]
[EventCountry "UKR"]
[SourceTitle "EXT 2014"]
[Source "ChessBase"]
[SourceDate "2013.11.20"]
[SourceVersion "1"]
[SourceVersionDate "2013.11.20"]
[SourceQuality "1"]

1. d4 Nf6 2. c4 d6 3. Nc3 Bf5 4. g3 e5 5. Bg2 c6 6. e4 Bg4 7. Nge2 Be7 8. Be3 exd4 9. Bxd4 0-0 10. h3 Bxe2 11. Qxe2 Re8 12. 0-0 Nbd7 13. Rad1 Qb8 14. Rfe1 Bd8 15. Qd2 Re6 16. f4 Ba5 17. Bf2 Qe8 18. Qd3 h5 19. Re2 Qf8 20. a3 Rae8 21. b4 Bb6 22. Rde1 Bxf2+ 23. Rxf2 a5 24. Rd2 g6 25. Rde2 axb4 26. axb4 h4 27. g4 g5 28. e5 dxe5 29. fxg5 Rd6 30. Qf5 Nh7 31. Ne4 Rd4 32. g6 fxg6 33. Qxg6+ Kh8 34. Rf1 Qg8 35. Qh5 Rf8 36. Ref2 Rf4 37. Rxf4 exf4 38. Rxf4 Rd1+ 39. Rf1 Rxf1+ 40. Bxf1 Qf8 41. Qf5 Qxf5 42. gxf5 Kg7 43. Kf2 Kh6 44. Ke3 Nhf6 45. Nd6 Kg5 46. Bg2 c5 47. bxc5 Nxc5 48. Bxb7 Nxb7 49. Nxb7 Kxf5 50. Nc5 Nh7 51. Ne4 Ke5 52. Nd2 Kd6 53. Kf4 Nf6 54. Kg5 Nd7 55. Kxh4 Ke5 56. Kg5 Nc5 57. h4 Ne6+ 58. Kg4 Kf6 59. h5 Ke5 60. h6 Kf6 61. Kh5 Nf4+ 62. Kg4 Ne6 63. h7 Kg7 64. Nf3 Kxh7 65. Ng5+ Nxg5 66. Kxg5 Kg7 67. c5 Kf7 68. Kf5 Ke7 1/2-1/2

[Event "Myrhorod op"]
[Site "Myrhorod"]
[Date "2011.07.11"]
[Round "4"]
[White "Yushinov, Nikolay"]
[Black "Lomakin, Viktor"]
[Result "0-1"]
[WhiteElo "2162"]
[BlackElo "2104"]
[PlyCount "128"]
[EventDate "2011.07.09"]
[EventType "swiss"]
[EventRounds "9"]
[EventCountry "UKR"]
[SourceTitle "CBM 143 Extra"]
[Source "ChessBase"]
[SourceDate "2011.08.29"]
[SourceVersion "1"]
[SourceVersionDate "2011.08.29"]
[SourceQuality "1"]

1. f4 c5 2. Nf3 e6 3. e3 a6 4. b3 Be7 5. Bb2 Bf6 6. Nc3 b5 7. Bd3 Bb7 8. 0-0 d5 9. Qe1 Nc6 10. Nd1 Bxb2 11. Nxb2 c4 12. Be2 Nf6 13. h3 0-0 14. d3 Qb6 15. Nd1 cxd3 16. Bxd3 Ne4 17. Qh4 f6 18. a3 Rae8 19. Kh2 Qc5 20. Qe1 Qd6 21. b4 e5 22. Bxe4 dxe4 23. Qd2 Qc7 24. Ng1 exf4 25. exf4 Ne5 26. Ne3 Rd8 27. Qe2 Nc4 28. Nxc4 bxc4 29. Qe3 Rd7 30. Rad1 Rfd8 31. Rxd7 Qxd7 32. Qb6 Qd5 33. Rf2 Rd6 34. Qa7 h5 35. Ne2 Kh7 36. c3 h4 37. Nd4 e3 38. Re2 Qe4 39. f5 Qf4+ 40. Kg1 Be4 41. Qf7 Qg5 42. Qg6+ Qxg6 43. fxg6+ Kxg6 44. Rxe3 f5 45. Kf2 Kf6 46. Re2 g5 47. a4 Ke5 48. Nf3+ Kf4 49. Rd2 Bd3 50. Ne1 Ke4 51. Rb2 g4 52. b5 axb5 53. Rxb5 Kf4 54. a5 Re6 55. Nxd3+ cxd3 56. Rd5 Re2+ 57. Kf1 gxh3 58. Rxd3 hxg2+ 59. Kg1 Kg4 60. a6 Ra2 61. Kh2 f4 62. a7 h3 63. Rd1 Rxa7 64. c4 f3 0-1

[Event "UKR-ch sf"]
[Site "Alushta"]
[Date "2011.05.11"]
[Round "9"]
[White "Lomakin, Viktor"]
[Black "Shulga, Jury"]
[Result "1-0"]
[WhiteElo "2095"]
[BlackElo "2255"]
[PlyCount "199"]
[EventDate "2011.05.03"]
[EventType "swiss"]
[EventRounds "9"]
[EventCountry "UKR"]
[SourceTitle "CBM 142 Extra"]
[Source "ChessBase"]
[SourceDate "2011.06.27"]
[SourceVersion "1"]
[SourceVersionDate "2011.06.27"]
[SourceQuality "1"]

1. d4 Nf6 2. c4 e6 3. Nf3 Bb4+ 4. Nbd2 b6 5. a3 Bxd2+ 6. Bxd2 Bb7 7. Bg5 h6 8. Bh4 d6 9. e3 g5 10. Bg3 Ne4 11. Nd2 Nxg3 12. hxg3 Nd7 13. Qa4 c5 14. d5 Qe7 15. 0-0-0 a6 16. e4 0-0-0 17. Be2 Kc7 18. g4 Ne5 19. g3 Qf6 20. Rhf1 Qg6 21. f3 f5 22. gxf5 exf5 23. f4 gxf4 24. gxf4 Nd7 25. Bd3 fxe4 26. Nxe4 Qf7 27. b4 Nf6 28. bxc5 bxc5 29. Ng3 Qd7 30. Qa5+ Kb8 31. Nf5 Qc7 32. Qc3 Ng4 33. Rde1 Rhe8 34. Ng7 Rxe1+ 35. Rxe1 Qf7 36. Nf5 Rd7 37. Re6 Qf8 38. Qa5 Nf2 39. Bc2 Nh3 40. Rxh6 Nxf4 41. Qd2 Nxd5 42. cxd5 Qg8 43. Re6 Qh8 44. Kb1 Qh1+ 45. Re1 Qxd5 46. Qxd5 Bxd5 47. Rd1 Be6 48. Nxd6 Kc7 49. Ne4 Rxd1+ 50. Bxd1 Bf5 51. Bc2 Kb6 52. Kb2 Be6 53. Kc3 Bd5 54. Nd6 Be6 55. Nc4+ Kc7 56. Be4 Bd7 57. Kb3 Be8 58. Bd5 Bd7 59. a4 a5 60. Nxa5 Bxa4+ 61. Kxa4 c4 62. Nxc4 Kd7 63. Kb4 Ke7 64. Kc5 Kf6 65. Kd4 Kf5 66. Ne5 Kf6 67. Ke4 Kg5 68. Nc4 Kf6 69. Kf4 Kg6 70. Nd6 Kf6 71. Ne4+ Kg6 72. Be6 Kh6 73. Kf5 Kg7 74. Nf6 Kh6 75. Bf7 Kg7 76. Bg6 Kh6 77. Nd5 Kg7 78. Kg5 Kg8 79. Kf6 Kh8 80. Nf4 Kg8 81. Ne6 Kh8 82. Ng5 Kg8 83. Nf7 Kf8 84. Bh7 Ke8 85. Ne5 Kd8 86. Ke6 Kc7 87. Nd7 Kc6 88. Bd3 Kc7 89. Bb5 Kd8 90. Nf6 Kc7 91. Nd5+ Kd8 92. Kf7 Kc8 93. Ke7 Kb8 94. Kd8 Kb7 95. Kd7 Kb8 96. Ba6 Ka7 97. Bc8 Kb8 98. Kd8 Ka8 99. Kc7 Ka7 100. Ne7 1-0

[Event "UKR-ch sf"]
[Site "Alushta"]
[Date "2011.05.08"]
[Round "6"]
[White "Lomakin, Viktor"]
[Black "Mazurchak, Bogdan"]
[Result "0-1"]
[WhiteElo "2095"]
[BlackElo "2224"]
[PlyCount "58"]
[EventDate "2011.05.03"]
[EventType "swiss"]
[EventRounds "9"]
[EventCountry "UKR"]
[SourceTitle "CBM 142 Extra"]
[Source "ChessBase"]
[SourceDate "2011.06.27"]
[SourceVersion "1"]
[SourceVersionDate "2011.06.27"]
[SourceQuality "1"]

1. d4 Nf6 2. c4 e6 3. Nf3 b6 4. e3 Bb7 5. Bd3 Be7 6. 0-0 0-0 7. Nc3 d5 8. cxd5 Nxd5 9. Nxd5 Bxd5 10. Qc2 h6 11. e4 Bb7 12. Rd1 c5 13. dxc5 Bxc5 14. Ba6 Qe7 15. Bxb7 Qxb7 16. Ne5 Rc8 17. Qe2 Nc6 18. Nxc6 Rxc6 19. Qg4 e5 20. Rd7 Qc8 21. Qd1 Bd4 22. Rd5 Rc2 23. Be3 Bxe3 24. fxe3 Qc4 25. Rxe5 Rxb2 26. Re7 Rc8 27. h4 Qc5 28. Qd7 Qxe3+ 29. Kh2 Rxg2+ 0-1

[Event "UKR-ch sf"]
[Site "Alushta"]
[Date "2011.05.05"]
[Round "3"]
[White "Andreev, Volodymyr"]
[Black "Lomakin, Viktor"]
[Result "0-1"]
[WhiteElo "1915"]
[BlackElo "2095"]
[PlyCount "80"]
[EventDate "2011.05.03"]
[EventType "swiss"]
[EventRounds "9"]
[EventCountry "UKR"]
[SourceTitle "CBM 142 Extra"]
[Source "ChessBase"]
[SourceDate "2011.06.27"]
[SourceVersion "1"]
[SourceVersionDate "2011.06.27"]
[SourceQuality "1"]

1. e4 c5 2. f4 e6 3. Nf3 a6 4. a4 Nc6 5. c3 d5 6. e5 d4 7. d3 Nge7 8. c4 Ng6 9. h4 h5 10. g3 f6 11. exf6 Qxf6 12. Nbd2 e5 13. Ne4 Qd8 14. Be2 Bg4 15. fxe5 Be7 16. Nfg5 Ncxe5 17. Bxg4 hxg4 18. Qe2 Qd7 19. b3 0-0-0 20. Bd2 Rdf8 21. Kd1 Bxg5 22. Bxg5 Rf3 23. Kc2 Nxd3 24. Rhf1 Rhf8 25. Rxf3 Nb4+ 26. Kb2 gxf3 27. Qf1 Ne5 28. Rd1 Qc6 29. Nf2 Qe6 30. Rd2 Re8 31. Bf4 Ng4 32. Nxg4 Qxg4 33. Kb1 Re2 34. Kc1 d3 35. Kb2 g6 36. Qg1 Qh5 37. g4 Qh8+ 38. Kb1 f2 39. Qf1 Re1+ 40. Rd1 Qc3 0-1

[Event "Yuzhny op"]
[Site "Yuzhny"]
[Date "2010.09.08"]
[Round "2"]
[White "Lomakin, Viktor"]
[Black "Kutsyj, Alexander"]
[Result "0-1"]
[WhiteElo "2092"]
[BlackElo "2302"]
[PlyCount "78"]
[EventDate "2010.09.07"]
[EventType "swiss"]
[EventRounds "9"]
[EventCountry "UKR"]
[SourceTitle "CBM 138 Extra"]
[Source "ChessBase"]
[SourceDate "2010.10.29"]
[SourceVersion "1"]
[SourceVersionDate "2010.10.29"]
[SourceQuality "1"]

1. d4 Nf6 2. c4 g6 3. Nc3 Bg7 4. e4 0-0 5. Nge2 d6 6. Ng3 e5 7. d5 Ne8 8. Be2 a5 9. 0-0 Na6 10. Be3 Bd7 11. Rc1 Nc5 12. b3 Qe7 13. Qd2 f5 14. exf5 gxf5 15. f4 e4 16. Nb5 Bh8 17. Nd4 Ng7 18. Rb1 Be8 19. a3 h5 20. b4 axb4 21. axb4 Nd7 22. Ra1 Rxa1 23. Rxa1 h4 24. Nh1 Nf6 25. Nf2 Bd7 26. Ra7 Bc8 27. Nh3 Ng4 28. Bxg4 fxg4 29. Ng5 g3 30. hxg3 hxg3 31. Ra3 Bg4 32. Qe1 Nh5 33. Nde6 Bxe6 34. dxe6 Bf6 35. Bd2 Bxg5 36. fxg5 Qxe6 37. Qe2 Qf5 38. Be3 Nf4 39. Qe1 Qh7 0-1